| 000 | 00365nam a2200157Ia 4500 | ||
|---|---|---|---|
| 005 | 20250406070511.0 | ||
| 008 | 240331s9999 xx 000 0 und d | ||
| 082 |
_bSHA _a894 |
||
| 100 | _aShanmugasundaram, R | ||
| 245 | 0 | _aNagammal | |
| 250 | _a3rd | ||
| 260 |
_aCoiambaroe _bsamthaayam Prasuralaayam _c1991 |
||
| 300 | _a149 p ., | ||
| 650 | _aNovel | ||
| 942 | _cL | ||
| 999 |
_c4154 _d4154 |
||